| 000 | 00455nam a2200181Ia 4500 | ||
|---|---|---|---|
| 003 | GCL | ||
| 008 | 140319s9999 xx 000 0 eng d | ||
| 020 | _a7503726806 | ||
| 040 |
_aGCL / _cGCL |
||
| 082 | 0 | 4 |
_a951 _bC C |
| 245 | 1 | 0 | _aCHINA TODAY 99 |
| 260 |
_aالصين : _bCHINA STATISTICS PRESS ، _c1999 |
||
| 300 |
_a32 CM ؛ _c531 P |
||
| 650 | 0 | 4 | _aCHINA - HISTORY |
| 650 | 0 | 4 | _aCHINA - DESCRIPTION AND TRAVEL |
| 650 | 0 | 4 | _aCHINA |
| 942 |
_2ddc _cBK |
||
| 999 |
_c9088 _d9088 |
||